<?xml version="1.0" encoding="UTF-8"?>
<record
    xmlns:xsi="http://www.w3.org/2001/XMLSchema-instance"
    xsi:schemaLocation="http://www.loc.gov/MARC21/slim http://www.loc.gov/standards/marcxml/schema/MARC21slim.xsd"
    xmlns="http://www.loc.gov/MARC21/slim">

  <leader>01820cam a2200457 i 4500</leader>
  <controlfield tag="001">18523721</controlfield>
  <controlfield tag="003">NUST</controlfield>
  <controlfield tag="005">20220705143015.0</controlfield>
  <controlfield tag="008">150312s2014    pk       b    000 0 urd  </controlfield>
  <datafield tag="010" ind1=" " ind2=" ">
    <subfield code="a">  2015327135</subfield>
  </datafield>
  <datafield tag="025" ind1=" " ind2=" ">
    <subfield code="a">P-U-2015327135; 15</subfield>
  </datafield>
  <datafield tag="037" ind1=" " ind2=" ">
    <subfield code="b">Library of Congress -- Islamabad Overseas Office</subfield>
    <subfield code="c">Rs 300</subfield>
  </datafield>
  <datafield tag="040" ind1=" " ind2=" ">
    <subfield code="a">DLC</subfield>
    <subfield code="b">eng</subfield>
    <subfield code="e">rda</subfield>
    <subfield code="c">DLC</subfield>
  </datafield>
  <datafield tag="042" ind1=" " ind2=" ">
    <subfield code="a">lcode</subfield>
    <subfield code="a">pcc</subfield>
  </datafield>
  <datafield tag="043" ind1=" " ind2=" ">
    <subfield code="a">a-pk---</subfield>
  </datafield>
  <datafield tag="050" ind1="0" ind2="0">
    <subfield code="a">PK2155</subfield>
    <subfield code="b">.Y37 2014</subfield>
  </datafield>
  <datafield tag="066" ind1=" " ind2=" ">
    <subfield code="c">(3</subfield>
    <subfield code="c">(4</subfield>
  </datafield>
  <datafield tag="082" ind1=" " ind2=" ">
    <subfield code="a">891.439</subfield>
    <subfield code="b">YAS</subfield>
  </datafield>
  <datafield tag="100" ind1="1" ind2=" ">
    <subfield code="6">880-01</subfield>
    <subfield code="a">Y&#x101;sir, K&#x332;h&#x332;&#x101;lid Iqb&#x101;l,</subfield>
    <subfield code="e">author.</subfield>
    <subfield code="9">92962</subfield>
  </datafield>
  <datafield tag="245" ind1="1" ind2="0">
    <subfield code="6">880-02</subfield>
    <subfield code="a">Adab aur zam&#x101;nah /</subfield>
    <subfield code="c">K&#x332;h&#x332;&#x101;lid Iqb&#x101;l Y&#x101;sir.</subfield>
  </datafield>
  <datafield tag="250" ind1=" " ind2=" ">
    <subfield code="6">880-03</subfield>
    <subfield code="a">Ish&#x101;&#x2BB;at-i avval.</subfield>
  </datafield>
  <datafield tag="264" ind1=" " ind2="1">
    <subfield code="6">880-04</subfield>
    <subfield code="a">L&#x101;haur :</subfield>
    <subfield code="b">Id&#x101;rah-i S&#x332;aq&#x101;fat-i Isl&#x101;miyah,</subfield>
    <subfield code="c">2014.</subfield>
  </datafield>
  <datafield tag="300" ind1=" " ind2=" ">
    <subfield code="a">244 pages ;</subfield>
    <subfield code="c">22 cm</subfield>
  </datafield>
  <datafield tag="336" ind1=" " ind2=" ">
    <subfield code="a">text</subfield>
    <subfield code="b">txt</subfield>
    <subfield code="2">rdacontent</subfield>
  </datafield>
  <datafield tag="337" ind1=" " ind2=" ">
    <subfield code="a">unmediated</subfield>
    <subfield code="b">n</subfield>
    <subfield code="2">rdamedia</subfield>
  </datafield>
  <datafield tag="338" ind1=" " ind2=" ">
    <subfield code="a">volume</subfield>
    <subfield code="b">nc</subfield>
    <subfield code="2">rdacarrier</subfield>
  </datafield>
  <datafield tag="504" ind1=" " ind2=" ">
    <subfield code="a">Includes bibliographical references.</subfield>
  </datafield>
  <datafield tag="520" ind1=" " ind2=" ">
    <subfield code="a">Historical study of Urdu literature; collected articles.</subfield>
  </datafield>
  <datafield tag="546" ind1=" " ind2=" ">
    <subfield code="a">In Urdu.</subfield>
  </datafield>
  <datafield tag="650" ind1=" " ind2="0">
    <subfield code="a">Urdu literature</subfield>
    <subfield code="x">History and criticism.</subfield>
    <subfield code="9">3152</subfield>
  </datafield>
  <datafield tag="650" ind1=" " ind2="0">
    <subfield code="a">Literature and history</subfield>
    <subfield code="z">Pakistan.</subfield>
    <subfield code="9">92963</subfield>
  </datafield>
  <datafield tag="710" ind1="2" ind2=" ">
    <subfield code="6">880-05</subfield>
    <subfield code="a">Id&#x101;rah-yi S&#x332;aq&#x101;fat-i Isl&#x101;miyah (Lahore, Pakistan)</subfield>
    <subfield code="9">5570</subfield>
  </datafield>
  <datafield tag="880" ind1="1" ind2=" ">
    <subfield code="6">100-01/(3/r&#x200F;</subfield>
    <subfield code="a">&#x200F;&#x64A;&#x627;&#x633;&#x631;&#x60C; &#x62E;&#x627;&#x644;&#x62F; &#x627;&#x642;&#x628;&#x627;&#x644;&#x60C;&#x200F;</subfield>
  </datafield>
  <datafield tag="880" ind1="1" ind2="0">
    <subfield code="6">245-02/(3/r&#x200F;</subfield>
    <subfield code="a">&#x200F;&#x627;&#x62F;&#x628; &#x627;&#x648;&#x631; &#x632;&#x645;&#x627;&#x646;&#x647; /&#x200F;</subfield>
    <subfield code="c">&#x200F;&#x62E;&#x627;&#x644;&#x62F; &#x627;&#x642;&#x628;&#x627;&#x644; &#x64A;&#x627;&#x633;&#x631;.</subfield>
  </datafield>
  <datafield tag="880" ind1=" " ind2=" ">
    <subfield code="6">250-03/(3/r&#x200F;</subfield>
    <subfield code="a">&#x200F;&#x627;&#x634;&#x627;&#x639;&#x62A; &#x627;&#x648;&#x651;&#x644;.</subfield>
  </datafield>
  <datafield tag="880" ind1=" " ind2="1">
    <subfield code="6">264-04/(3/r&#x200F;</subfield>
    <subfield code="a">&#x200F;&#x644;&#x627;&#x647;&#x648;&#x631; :&#x200F;</subfield>
    <subfield code="b">&#x200F;&#x627;&#x62F;&#x627;&#x631;&#x647; &#x62B;&#x642;&#x627;&#x641;&#x62A; &#x627;&#x633;&#x644;&#x627;&#x645;&#x64A;&#x647;&#x60C;&#x200F;</subfield>
    <subfield code="c">&#x200F;&#x202A;2014&#x202C;.</subfield>
  </datafield>
  <datafield tag="880" ind1="2" ind2=" ">
    <subfield code="6">710-05/(3/r&#x200F;</subfield>
    <subfield code="a">&#x200F;&#x627;&#x62F;&#x627;&#x631;&#x6C0; &#x62B;&#x642;&#x627;&#x641;&#x62A; &#x627;&#x633;&#x644;&#x627;&#x645;&#x64A;&#x647; (Lahore, Pakistan)</subfield>
  </datafield>
  <datafield tag="906" ind1=" " ind2=" ">
    <subfield code="a">7</subfield>
    <subfield code="b">cbc</subfield>
    <subfield code="c">origode</subfield>
    <subfield code="d">3</subfield>
    <subfield code="e">ncip</subfield>
    <subfield code="f">20</subfield>
    <subfield code="g">y-nonroman</subfield>
  </datafield>
  <datafield tag="942" ind1=" " ind2=" ">
    <subfield code="2">ddc</subfield>
    <subfield code="c">BK</subfield>
  </datafield>
  <datafield tag="999" ind1=" " ind2=" ">
    <subfield code="c">590275</subfield>
    <subfield code="d">590275</subfield>
  </datafield>
  <datafield tag="952" ind1=" " ind2=" ">
    <subfield code="0">0</subfield>
    <subfield code="1">0</subfield>
    <subfield code="2">ddc</subfield>
    <subfield code="4">0</subfield>
    <subfield code="7">0</subfield>
    <subfield code="a">CL</subfield>
    <subfield code="b">CL</subfield>
    <subfield code="c">LIT</subfield>
    <subfield code="d">2022-07-05</subfield>
    <subfield code="l">0</subfield>
    <subfield code="o">891.439 YAS</subfield>
    <subfield code="p">CL3437</subfield>
    <subfield code="r">2022-07-05</subfield>
    <subfield code="w">2022-07-05</subfield>
    <subfield code="y">BK</subfield>
  </datafield>
</record>
